بل أزمة الروح / (Record no. 6647)

MARC details
000 -الفاتح
حقل البيانات ثابتة الطول 01078nac a22002171u 4500
008 - عناصر البيانات ثابتة الطول - معلومات عامة
حقل البيانات ثابتة الطول 100725s ua||||| |||| 001 0 ara d
020 ## - الرقم الدولى المعيارى للكتب
الرقم الدولى المعيارى للكتاب 9775337011
082 ## - رقم تصنيف ديوى العشرى
رقم التصنيف 210
رقم المادة ر ا ف
رقم الطبعة 22
100 ## - المدخل الرئيسى - إسم شخصى
الإسم الشخصى رافع ، عائشة
9 (RLIN) 16734
245 ## - بيان العنوان
العنوان بل أزمة الروح /
بيان المسئوليه,etc عائشة رافع
260 ## - PUBLICATION, DISTRIBUTION, ETC. (IMPRINT)
مكان الناشر او الموزع الأسكندرية:
اسم الناشر او الموزع دار صادق ، 1992
تاريخ النشر أو التوزيع c1992.
300 ## - الوصف المادى
التعداد 62 ص ;
أبعاد الوعاء 18 سم
511 ## -
-- Catalogued by: Sara
541 ## - تبصرة المصدر المباشر للتزويد
مصدر التزويد مكتبة الاسكندرية ؛
طريقة التزويد إهداء؛
650 ## - المدخل الاضافى بالموضوع-مصطلح موضوعى
مصطلح موضوعي أو اسم جغرافي كعنصر مدخل المسلمون
9 (RLIN) 15170
650 ## - المدخل الاضافى بالموضوع-مصطلح موضوعى
مصطلح موضوعي أو اسم جغرافي كعنصر مدخل الإسلام
9 (RLIN) 13667
942 ## - عناصر المدخل الإضافي( كوها)
Koha [default] item type Book - Borrowing
سابقة رقم الطلب 210 ر ا ف
مصدر التصنيف او مخطط الترفيف Dewey Decimal Classification
Holdings
حالة التراجع حالة الفقد مصدر التصنيف او خطة الترفيف حالة تلف ليس للاعارة المكان الدائم المكان الحالي موقع الترفيف تاريخ الاكتساب Source of acquisition رقم الاستدعاء الباركود Date last seen نوع الوعاء تحديد مواد ( مجلدات مجمعه أو جزء أخر) مجموعات كوها
    Dewey Decimal Classification     Central Library Central Library Lower Floor 25/07/2010 Purchase 210 راف 000008112 15/07/2025 Book - Borrowing    
  Lost Dewey Decimal Classification     Central Library Central Library Lower Floor 25/07/2010 Donation 210 راف 000008113 25/07/2010 Book - Borrowing Lost In Inventory_2015-8-23  
    Dewey Decimal Classification     Central Library Central Library Lower Floor 25/07/2010 Purchase 210 راف 000008114 15/07/2025 Book - Borrowing